[Event "TUR-chT Clubs"]
[Site "Konya"]
[Date "2019.07.21"]
[Round "9.4"]
[White "Taskin, Arda"]
[Black "Toren, Kadir"]
[Result "1-0"]
[WhiteElo "1723"]
[BlackElo "1736"]
[PlyCount "117"]
[EventDate "2019.07.16"]
[EventType "team-swiss"]
[EventRounds "9"]
[EventCountry "TUR"]
[SourceTitle "CBM 191 Extra"]
[Source "ChessBase"]
[SourceDate "2019.09.30"]
[SourceVersion "1"]
[SourceVersionDate "2019.09.30"]
[SourceQuality "1"]
[WhiteTeam "Manisa Yunusembre"]
[BlackTeam "Bitlis Dernegi"]
[WhiteTeamCountry "TUR"]
[BlackTeamCountry "TUR"]

1. d4 d5 2. c4 c6 3. Nf3 Nf6 4. Nbd2 Bf5 5. g3 Nbd7 6. Bg2 e6 7. 0-0 Be7 8. b3 0-0 9. Nh4 Bg4 10. h3 Bh5 11. g4 Bg6 12. Nxg6 hxg6 13. e4 dxe4 14. Nxe4 Nxe4 15. Bxe4 f5 16. Bg2 Bf6 17. Bb2 Qc7 18. Qd2 g5 19. Rae1 Rae8 20. Re2 g6 21. Ba3 Rf7 22. Rd1 e5 23. dxe5 Nxe5 24. Bd6 Qd7 25. Rde1 fxg4 26. hxg4 Rd8 27. c5 Nxg4 28. Bh3 Rh7 29. Qd3 Qf5 30. Qc4+ Kg7 31. Bxg4 Qd5 32. Qxd5 cxd5 33. Be7 Rdh8 34. Bxf6+ Kxf6 35. Re6+ Kf7 36. Re7+ Kf8 37. Rxh7 Rxh7 38. Rd1 Rc7 39. Rxd5 b6 40. cxb6 axb6 41. Rxg5 Kf7 42. Rb5 Rc6 43. a4 Kf6 44. b4 Kg7 45. a5 bxa5 46. bxa5 Rc4 47. f3 Ra4 48. Kf2 Ra3 49. Bc8 Kh6 50. a6 g5 51. Rb6+ Kg7 52. Bf5 Ra5 53. Be4 Kf8 54. Rb8+ Ke7 55. Rb7+ Kf6 56. a7 Ke5 57. a8Q Rxa8 58. Rb5+ Kf4 59. Rf5# 1-0